| 000 | 01781nam a2200361 a 4500 | ||
|---|---|---|---|
| 001 | 000021076 | ||
| 005 | 20250630104809.0 | ||
| 008 | 100830s2003 dr 001 fdspa d | ||
| 020 | _a9993491926 | ||
| 040 |
_aDO-SdBNP _bspa _cBNPHU |
||
| 082 |
_a972.93053 _bB142a |
||
| 100 | 1 |
_aBáez, Etzel, _d1953- _944070 |
|
| 245 | 1 | 3 |
_aAsesinato de las hermanas Mirabal ; _bEl ajusticiamiento de Trujillo / _cEtzel Báez ; prólogo Rafael Molina Morillo. |
| 246 | 1 | 3 | _aEl crimen de las hermanas Mirabal y el ajusticiamiento de Trujillo / |
| 246 | 1 | 3 | _aEl ajusticiamiento de Trujillo |
| 260 |
_aSanto Domingo : _bLetra Gráfica, _c2003. |
||
| 300 |
_a125 p. ; _c22 cm. |
||
| 500 | _aIncluye datos biográficos del autor en la solapa de la cubierta. | ||
| 505 | 0 |
_gPrólogo / _rRafael Molina Morillo -- _tEl crimen de las hermanas Mirabal: _tTrujillo arma la trama para el asesinato -- _t25 de noviembre de 1960. |
|
| 505 | 0 |
_tEl ajusticiamiento de Trujillo: _tLas motivaciones de los conspiradores -- _t30 de mayo de 1961 -- _tFracasa el golpe de Estado. |
|
| 563 | _aDos obras encuadernadas juntas con paginación continua. | ||
| 600 | 1 | 0 |
_aTrujillo Molina, Rafael Leónidas, _d1891-1961 _xMuerte _910869 |
| 600 | 1 | 4 |
_aMIRABAL REYES, MINERVA, _d1926-1960 _xMUERTE _914478 |
| 600 | 1 | 4 |
_aMIRABAL REYES, MARÍA TERESA, _d1935-1960 _xMUERTE _914479 |
| 600 | 1 | 4 |
_aMIRABAL REYES, PATRIA, _d1924-1960 _xMUERTE _914480 |
| 650 | 0 |
_aLiteratura dominicana. _967 |
|
| 650 | 4 |
_aHomicidio político _zRepública Dominicana _911383 |
|
| 651 | 0 |
_aREPÚBLICA DOMINICANA _xHISTORIA _yERA DE TRUJILLO, 1930-1961 _xNOVELA _921999 |
|
| 700 | 1 |
_aMolina Morillo, Rafael, _d1930-1917 _epról. _937 |
|
| 730 | 3 |
_aEl ajusticiamiento de Trujillo _944071 |
|
| 910 | _aValidado. Control de calidad EMS. | ||
| 049 | _aBNPD | ||
| 999 |
_c20578 _d20578 |
||